书目信息 |
| 题名: |
特色取胜
|
|
| 作者: | 张钦楠, 著 | |
| 分册: | ||
| 出版信息: | 北京 机械工业出版社 2005.09 |
|
| 页数: | 197页 | |
| 开本: | 21cm | |
| 丛书名: | ||
| 单 册: | ||
| 中图分类: | TU-0 | |
| 科图分类: | ||
| 主题词: | 建筑学--jian zhu xue--理论 | |
| 电子资源: | ||
| ISBN: | 7-111-16891-7 | |
| 000 | 00863nam0 2200241 450 | |
| 001 | 012006049176 | |
| 005 | 20060119142731.87 | |
| 010 | @a7-111-16891-7@dCNY28.00 | |
| 100 | @a20060119d2005 km y0chiy0120 ea | |
| 101 | 0 | @achi |
| 102 | @aCN@b110000 | |
| 105 | @aa a 000yy | |
| 200 | 1 | @a特色取胜@Ate se qu sheng@e建筑理论的探讨@f张钦楠著@Fzhang qin nan zhu |
| 210 | @a北京@c机械工业出版社@d2005.09 | |
| 215 | @a197页@c图@d21cm | |
| 320 | @a有书目。 | |
| 330 | @a本书阐述了建筑理论在全球范围内的形成过程,对建筑理论的民族性、地域性的起源和发展作了精辟论述,并进而提出如何构架有中国特色的建筑理论,增强国内建筑师的竞争优秀。 | |
| 517 | 1 | @a建筑理论的探讨@Ajian zhu li lun de tan tao |
| 606 | 0 | @a建筑学@Ajian zhu xue@x理论 |
| 690 | @aTU-0@v4 | |
| 701 | 0 | @a张钦楠,@Azhang qin nan,@f1931-@4著 |
| 801 | 0 | @aCN@bQSSK@c20060119 |
| 905 | @a10447@dTU-0@eZ154 | |
| 特色取胜:建筑理论的探讨/张钦楠著.-北京:机械工业出版社,2005.09 |
| 197页:图;21cm |
| ISBN 7-111-16891-7:CNY28.00 |
| 本书阐述了建筑理论在全球范围内的形成过程,对建筑理论的民族性、地域性的起源和发展作了精辟论述,并进而提出如何构架有中国特色的建筑理论,增强国内建筑师的竞争优秀。 |
| ● |
| 相关链接 |
|
|
|
正题名:特色取胜
索取号:TU-0/Z154
 
预约/预借
| 序号 | 登录号 | 条形码 | 馆藏地/架位号 | 状态 | 备注 |
| 1 | 552606 | 205526064 | 自科二线404/404自科库 24排4列4层/ [索取号:TU-0/Z154] | 在馆 | |
| 2 | 552607 | 205526073 | 自科二线404/404自科库 3排5列5层/ [索取号:TU-0/Z154] | 在馆 | |
| 3 | 552608 | 205526082 | 自科二线404/404自科库 24排4列4层/ [索取号:TU-0/Z154] | 在馆 |